Zkušenosti z práce s instrumentálními soubory /

Hlavní autor: Staněk, Pavel, 1927-2025
Jazyk: Čeština
Vydáno: Praha : Ústřední dům lidové umělecké tvořivosti, 1963
Edice: Na pomoc pěveckým a instrumentálním souborům
Témata:
Fyzický popis: 38 s. : noty ; 4°
Knihy
Uloženo v:
LEADER 01353nam a22003252a 4500
001 001732469
003 CZ BrMZK
005 20200623082021.0
007 ta
008 200225s1963 xr g er|||||||||||cze d
015 |a cnb001521598  |z cnb000476257 
035 |a (OCoLC)42132477 
040 |a ABA001  |b cze  |c ABA001  |d ABA001  |d BOA001 
072 7 |a 785  |x Instrumentální hudba. Symfonická hudba. Hudba pro více nástrojů  |2 Konspekt  |9 9 
080 |a 785  |2 MRF 
080 |a (035)  |2 MRF 
100 1 |a Staněk, Pavel,  |d 1927-2025  |7 jn19990209792  |4 aut 
245 1 0 |a Zkušenosti z práce s instrumentálními soubory /  |c Pavel Staněk 
260 |a Praha :  |b Ústřední dům lidové umělecké tvořivosti,  |c 1963 
300 |a 38 s. :  |b noty ;  |c 4° 
490 1 |a Na pomoc pěveckým a instrumentálním souborům ;  |v č. 1 
521 8 |a Příručka pro lektory různých typů kursů, seminářů a školení 
650 0 7 |a instrumentální hudba  |7 ph121126  |2 czenas 
655 7 |a příručky  |7 fd133209  |2 czenas 
830 0 |a Na pomoc pěveckým a instrumentálním souborům 
910 |a BOA001  |b X2-0505.537  |b X2-0493.323 
990 |a BK 
991 |b 202002 
996 6 |b 2618863321  |c X2-0493.323  |l MZK  |r Sklad / do 24 hodin  |n 0  |w 001784264  |u 000020  |a 1  |e BOA001  |j MZK50  |s P 
996 7 |b 2618869584  |c X2-0505.537  |l MZK  |r Sklad / do 24 hodin  |n 1  |w 001784264  |u 000010  |a 1  |e BOA001  |j MZK50  |s A